| 000 | 00654nam a2200181 a 4500 | ||
|---|---|---|---|
| 001 | 000044800 | ||
| 005 | 20201002045634.0 | ||
| 008 | 150112s2014 dr a 000 0 spa d | ||
| 020 | _a9789945166248 | ||
| 040 |
_aDO-SdBNP _bspa _cBNPHU |
||
| 082 |
_axxxxxxx _bxxxxxxx |
||
| 100 | 1 |
_aCollazo Torres, Luis Gilberto _972824 |
|
| 245 | 1 | 0 |
_aNotas de Exilio / _cLuis Gilberto Collazo Torres ; prólogo Wanda Ivelisse Pabellón García. |
| 260 |
_aSanto Domingo : _bBúho, _c2014. |
||
| 300 |
_a78 p. : _bil. ; _c23 cm. |
||
| 500 | _aIncluye datos biográficos del autor en la solapa de la cubierta | ||
| 700 | 1 |
_aPabellón García, Wanda Ivelisse, _epról. _972825 |
|
| 999 |
_c44289 _d44289 |
||